000 01349cam a2200349 a 4500
001 15634431
005 20170105102856.0
008 090223s2005 nyub e b 001 0 eng d
010 _a 2009293528
020 _a1560258527 (hbk.)
020 _a9781560258520 (hbk.)
035 _a(OCoLC)ocm61732952
040 _aZAB
_cZAB
_dBAKER
_dMR0
_dXFF
_dDPL
_dIXA
_dUNA
_dVP@
_dYDXCP
_dBTCTA
_dCUY
_dDLC
042 _alccopycat
043 _aa-iq---
_an-us---
050 0 0 _aDS79.76
_b.R58 2005
082 0 4 _a956.7044/3
_222
100 1 _aRitter, Scott.
245 1 0 _aIraq confidential :
_bthe untold story of the intelligence conspiracy to undermine the UN and overthrow Saddam Hussein /
_cScott Ritter ; foreword by Seymour Hersh.
250 _a1st Nation Books ed.
260 _aNew York :
_bNation Books,
_c2005.
300 _axxiii, 312 p. :
_bmaps ;
_c24 cm.
504 _aIncludes bibliographical references (p. 293-302) and index.
610 2 0 _aUnited Nations.
_bSpecial Commission on Iraq.
650 0 _aWeapons of mass destruction
_zIraq.
650 0 _aIraq War, 2003-2011
_xCauses.
651 0 _aIraq
_xForeign relations
_zUnited States.
651 0 _aUnited States
_xForeign relations
_zIraq.
906 _a7
_bcbc
_ccopycat
_d1
_encip
_f20
_gy-gencatlg
942 _2ddc
_cBK
999 _c14509
_d14509